[Event "San Francisco TNM Spring op"]
[Site "San Francisco"]
[Date "2010.04.27"]
[Round "7"]
[White "Fuentes, Romulo C"]
[Black "Grefe, John Alan"]
[Result "1-0"]
[WhiteElo "2201"]
[BlackElo "2373"]
[PlyCount "59"]
[EventDate "2010.03.16"]
[EventType "swiss"]
[EventRounds "8"]
[EventCountry "USA"]
[SourceTitle "EXT 2012"]
[Source "ChessBase"]
[SourceDate "2011.11.24"]
[SourceVersion "1"]
[SourceVersionDate "2011.11.24"]
[SourceQuality "1"]

1. e4 c5 2. Nf3 a6 3. Nc3 d6 4. d4 cxd4 5. Nxd4 e6 6. Bc4 b5 7. Bd3 Bb7 8. a4 b4 9. Nce2 Nf6 10. Ng3 Nbd7 11. Qe2 Nc5 12. a5 d5 13. e5 Nfe4 14. f3 Nxd3+ 15. cxd3 Nc5 16. 0-0 Rb8 17. Nh5 Nd7 18. f4 g6 19. Ng3 Bc5 20. Be3 0-0 21. Kh1 Qe7 22. Rac1 Rbc8 23. Bf2 Bxd4 24. Bxd4 Nc5 25. Qd1 Rc6 26. Qg4 Nb3 27. Rxc6 Bxc6 28. Bb6 Rc8 29. Nh5 Bb5 30. Nf6+ 1-0

[Event "San Francisco TNM Spring op"]
[Site "San Francisco"]
[Date "2010.03.16"]
[Round "1"]
[White "Newey, Richard H"]
[Black "Grefe, John Alan"]
[Result "0-1"]
[WhiteElo "1754"]
[BlackElo "2373"]
[PlyCount "74"]
[EventDate "2010.03.16"]
[EventType "swiss"]
[EventRounds "8"]
[EventCountry "USA"]
[SourceTitle "EXT 2012"]
[Source "ChessBase"]
[SourceDate "2011.11.24"]
[SourceVersion "1"]
[SourceVersionDate "2011.11.24"]
[SourceQuality "1"]

1. e4 c5 2. Nf3 e6 3. c4 Nc6 4. Nc3 a6 5. b3 g6 6. Bb2 Bg7 7. Be2 Nge7 8. 0-0 0-0 9. Na4 Nd4 10. Rb1 d6 11. Nxd4 cxd4 12. c5 dxc5 13. Nxc5 b6 14. Nd3 Bb7 15. e5 Be4 16. f4 Nd5 17. g3 g5 18. Rc1 gxf4 19. Nf2 Bg6 20. Bxd4 fxg3 21. hxg3 Qg5 22. Nh1 Bxe5 23. Bxe5 Qxe5 24. Bf3 Rac8 25. Qe2 Qd6 26. Rxc8 Rxc8 27. Qxa6 Ne7 28. Qe2 Bd3 29. Qf2 Bxf1 30. Kxf1 Rc1+ 31. Kg2 Rc2 32. Qe3 Qxd2+ 33. Qxd2 Rxd2+ 34. Nf2 Rxa2 35. Bd1 Nf5 36. Kf3 Nd4+ 37. Ke3 Nxb3 0-1

[Event "San Francisco Smyslov Memorial"]
[Site "San Francisco"]
[Date "2010.??.??"]
[Round "7"]
[White "Zavadsky, Peter"]
[Black "Grefe, John Alan"]
[Result "1/2-1/2"]
[WhiteElo "2275"]
[BlackElo "2342"]
[PlyCount "46"]
[EventDate "2010.06.15"]
[EventType "tourn"]
[EventRounds "9"]
[EventCountry "USA"]
[EventCategory "3"]
[SourceTitle "EXT 2011"]
[Source "ChessBase"]
[SourceDate "2010.11.26"]
[SourceVersion "1"]
[SourceVersionDate "2010.11.26"]
[SourceQuality "1"]

1. e4 d5 2. exd5 Qxd5 3. Nc3 Qd6 4. d4 Nf6 5. Nf3 a6 6. Bg5 Bg4 7. Qd2 Bxf3 8. gxf3 Nc6 9. d5 Ne5 10. Be2 0-0-0 11. 0-0-0 Ned7 12. Ne4 Nxe4 13. fxe4 h6 14. Be3 e5 15. dxe6 Qxe6 16. Qd5 Qxd5 17. Rxd5 c6 18. Rf5 f6 19. Bg4 Kc7 20. Rd1 Bd6 21. Rh5 Rhe8 22. Bxd7 Rxd7 23. f3 Be5 1/2-1/2

[Event "San Francisco Alan Benson"]
[Site "San Francisco"]
[Date "2008.08.16"]
[Round "6"]
[White "Grefe, John Alan"]
[Black "Evans, Bela"]
[Result "1-0"]
[WhiteElo "2369"]
[BlackElo "2279"]
[PlyCount "98"]
[EventDate "2008.08.11"]
[EventType "tourn"]
[EventRounds "9"]
[EventCountry "USA"]
[EventCategory "3"]
[SourceTitle "CBM 126 Extra"]
[Source "ChessBase"]
[SourceDate "2008.11.05"]
[SourceVersion "1"]
[SourceVersionDate "2008.11.05"]
[SourceQuality "1"]

1. c4 c6 2. b3 d5 3. Bb2 Nf6 4. Nf3 a6 5. g3 b5 6. Bg2 e6 7. 0-0 Be7 8. d4 Nbd7 9. Nbd2 0-0 10. Qc2 Rb8 11. e4 bxc4 12. bxc4 Nxe4 13. Nxe4 dxe4 14. Nd2 f5 15. Rfe1 Bf6 16. Nb3 c5 17. f3 cxd4 18. fxe4 Qb6 19. e5 Nxe5 20. c5 Qb4 21. Rad1 d3 22. Qc1 d2 23. Qxd2 Qxd2 24. Rxd2 Nc4 25. Bxf6 gxf6 26. Rd4 Ne5 27. c6 Rf7 28. Rd8+ Kg7 29. Nd4 Rb4 30. Nxf5+ exf5 31. Rxc8 Re7 32. Rc1 Rc4 33. Rxc4 Nxc4 34. Bf1 Ne3 35. Bxa6 Nd5 36. Bc4 Nb6 37. Rg8+ Kh6 38. Bb5 Re5 39. a4 Rc5 40. Rb8 Nd5 41. Re8 Nc7 42. Rg8 Nd5 43. h3 Ne7 44. Re8 Nd5 45. Kf2 Kg6 46. Rd8 f4 47. Bd3+ Kf7 48. Rxd5 fxg3+ 49. Kxg3 Rxc6 1-0

[Event "San Francisco Alan Benson"]
[Site "San Francisco"]
[Date "2008.08.14"]
[Round "4"]
[White "Grefe, John Alan"]
[Black "Mezentsev, Vladimir Gen"]
[Result "0-1"]
[WhiteElo "2369"]
[BlackElo "2400"]
[PlyCount "66"]
[EventDate "2008.08.11"]
[EventType "tourn"]
[EventRounds "9"]
[EventCountry "USA"]
[EventCategory "3"]
[SourceTitle "CBM 126 Extra"]
[Source "ChessBase"]
[SourceDate "2008.11.05"]
[SourceVersion "1"]
[SourceVersionDate "2008.11.05"]
[SourceQuality "1"]

1. c4 c5 2. g3 g6 3. Bg2 Bg7 4. e3 Nc6 5. Ne2 e5 6. Nbc3 Nge7 7. a3 d6 8. d3 Be6 9. Nd5 0-0 10. 0-0 Qd7 11. Rb1 Bh3 12. Nxe7+ Nxe7 13. Bxh3 Qxh3 14. Nc3 Qe6 15. Qf3 Rab8 16. b4 f5 17. Bd2 e4 18. Qe2 cxb4 19. axb4 Rfc8 20. dxe4 fxe4 21. Nb5 a6 22. Na3 Nc6 23. f4 exf3 24. Qxf3 Ne5 25. Qe4 b5 26. Qd5 Qxd5 27. cxd5 Ng4 28. Rb3 Rb7 29. h3 Nf6 30. Rd3 Ne4 31. Kg2 Re7 32. Rc1 Rxc1 33. Bxc1 Rf7 0-1

[Event "Arthur Dake Int"]
[Site "San Francisco"]
[Date "1999.07.19"]
[Round "8"]
[White "Grefe, John Alan"]
[Black "Lobo, Richard"]
[Result "1/2-1/2"]
[WhiteElo "2409"]
[BlackElo "2310"]
[PlyCount "21"]
[EventDate "1999.07.11"]
[EventType "tourn"]
[EventRounds "9"]
[EventCountry "USA"]
[EventCategory "4"]
[SourceTitle "CBM 071 Extra"]
[Source "ChessBase"]
[SourceDate "1999.09.14"]
[SourceVersion "1"]
[SourceVersionDate "1999.09.14"]
[SourceQuality "1"]

1. d4 Nf6 2. c4 e6 3. Nc3 Bb4 4. e3 c5 5. Bd3 Nc6 6. Nge2 d5 7. 0-0 dxc4 8. Bxc4 cxd4 9. exd4 0-0 10. a3 Bd6 11. Ba2 1/2-1/2

[Event "Max Wilkerson"]
[Site "San Francisco"]
[Date "1998.11.25"]
[Round "7"]
[White "Grefe, John Alan"]
[Black "Blohm, David"]
[Result "1/2-1/2"]
[WhiteElo "2405"]
[BlackElo "2205"]
[PlyCount "58"]
[EventDate "1998.11.18"]
[EventType "tourn"]
[EventRounds "11"]
[EventCountry "USA"]
[EventCategory "2"]
[SourceTitle "CBM 067 Extra"]
[Source "ChessBase"]
[SourceDate "1999.01.01"]
[SourceVersion "1"]
[SourceVersionDate "1999.01.01"]
[SourceQuality "1"]

1. e4 e6 2. d4 d5 3. Nd2 dxe4 4. Nxe4 Nd7 5. Nf3 Ngf6 6. Nxf6+ gxf6 7. g3 b6 8. Bg2 Bb7 9. 0-0 Bg7 10. c4 0-0 11. Re1 Re8 12. b4 Nf8 13. Qb3 c6 14. Bb2 Qc7 15. Bc3 Rad8 16. Qb2 f5 17. a4 Ng6 18. c5 bxc5 19. dxc5 Bxc3 20. Qxc3 Ba6 21. Nd4 Ne7 22. b5 Bb7 23. bxc6 Bxc6 24. Bxc6 Nxc6 25. Nb5 Qa5 26. Qf6 Rd7 27. g4 Qb4 28. Qg5+ Kh8 29. Qf6+ Kg8 1/2-1/2

[Event "Max Wilkerson"]
[Site "San Francisco"]
[Date "1998.11.19"]
[Round "2"]
[White "Grefe, John Alan"]
[Black "Bhat, Vinay S"]
[Result "1/2-1/2"]
[WhiteElo "2405"]
[BlackElo "2235"]
[PlyCount "37"]
[EventDate "1998.11.18"]
[EventType "tourn"]
[EventRounds "11"]
[EventCountry "USA"]
[EventCategory "2"]
[SourceTitle "CBM 067 Extra"]
[Source "ChessBase"]
[SourceDate "1999.01.01"]
[SourceVersion "1"]
[SourceVersionDate "1999.01.01"]
[SourceQuality "1"]

1. e4 e5 2. Nf3 Nf6 3. Nxe5 d6 4. Nf3 Nxe4 5. Qe2 Qe7 6. d3 Nf6 7. Bg5 Nbd7 8. Nc3 Qxe2+ 9. Bxe2 Be7 10. 0-0 0-0 11. Rfe1 h6 12. Bf1 hxg5 13. Rxe7 g4 14. Ng5 c6 15. d4 Nb6 16. Rae1 Nbd5 17. Nxd5 Nxd5 18. Re8 Nf6 19. Rxf8+ 1/2-1/2

[Event "LERA Memorial Day op 32nd"]
[Site "California"]
[Date "1998.??.??"]
[Round "?"]
[White "Grefe, John Alan"]
[Black "Keatinge Clay, Adrian"]
[Result "1-0"]
[WhiteElo "2425"]
[BlackElo "1985"]
[PlyCount "97"]
[EventDate "1998.05.23"]
[EventType "swiss"]
[EventRounds "6"]
[EventCountry "USA"]
[SourceTitle "EXT 2024"]
[Source "ChessBase"]
[SourceDate "2023.10.10"]
[SourceVersion "1"]
[SourceVersionDate "2023.10.10"]
[SourceQuality "1"]

1. c4 e5 2. Nc3 Bb4 3. Nd5 Ba5 4. b4 c6 5. bxa5 cxd5 6. cxd5 Nf6 7. Qa4 Nxd5 8. Qe4 Ne7 9. Qxe5 0-0 10. Bb2 f6 11. Qd6 Nbc6 12. e3 Qxa5 13. Bc4+ Kh8 14. Nf3 b5 15. Be2 Ba6 16. 0-0 Rad8 17. Rfc1 b4 18. Rc5 Qb6 19. Bxa6 Qxa6 20. Rh5 Qc4 21. Rc5 Qf7 22. h3 Nc8 23. Qd3 Nb6 24. Qb3 Qe7 25. Rac1 a5 26. Qc2 Qf7 27. Rb5 Rb8 28. Bd4 Na8 29. Rxb8 Rxb8 30. Rb1 Nc7 31. Qb3 Qh5 32. Rc1 Ne6 33. Ba1 Qb5 34. d4 a4 35. Qb1 Na5 36. Nd2 h6 37. Kh2 f5 38. e4 fxe4 39. Qxe4 Qg5 40. d5 Qxd2 41. dxe6 Qxc1 42. Qe5 Rg8 43. e7 Qc8 44. Qh5 Qc7+ 45. g3 Qb6 46. Qf7 Qe6 47. Bxg7+ Rxg7 48. Qxe6 dxe6 49. e8Q+ 1-0

[Event "San Francisco Linklater"]
[Site "San Francisco"]
[Date "1998.??.??"]
[Round "6"]
[White "Grefe, John Alan"]
[Black "Stein, Aleksander"]
[Result "0-1"]
[WhiteElo "2425"]
[BlackElo "2250"]
[PlyCount "80"]
[EventDate "1998.02.03"]
[EventType "tourn"]
[EventRounds "9"]
[EventCountry "USA"]
[EventCategory "5"]
[SourceTitle "CBM 063 Extra"]
[Source "ChessBase"]
[SourceDate "1998.04.29"]
[SourceVersion "1"]
[SourceVersionDate "1998.04.29"]
[SourceQuality "1"]

1. e4 c5 2. Nf3 e6 3. b3 b6 4. c4 Bb7 5. Nc3 Nc6 6. Bb2 Nd4 7. Nxd4 cxd4 8. Ne2 e5 9. Ng3 Nf6 10. Bd3 h5 11. f4 d6 12. c5 bxc5 13. fxe5 dxe5 14. Bb5+ Nd7 15. 0-0 g6 16. Qf3 Qe7 17. Ba3 Rc8 18. Rac1 Bc6 19. Bc4 Rh7 20. b4 Bh6 21. bxc5 Bxd2 22. Rc2 Be3+ 23. Kh1 h4 24. Ne2 h3 25. g4 Qg5 26. Bd3 f5 27. gxf5 gxf5 28. Ng3 f4 29. Nf5 Qxf5 30. exf5 Bxf3+ 31. Rxf3 Rg7 32. Rxe3 fxe3 33. c6 Nf6 34. Bd6 e4 35. Bb5 d3 36. c7+ Kf7 37. Bc4+ Ke8 38. Bb5+ Rd7 39. Rc1 d2 40. Rg1 e2 0-1

[Event "San Francisco Linklater"]
[Site "San Francisco"]
[Date "1998.??.??"]
[Round "2"]
[White "Grefe, John Alan"]
[Black "Zilberstein, Dmitry"]
[Result "1/2-1/2"]
[WhiteElo "2425"]
[BlackElo "2310"]
[PlyCount "46"]
[EventDate "1998.02.03"]
[EventType "tourn"]
[EventRounds "9"]
[EventCountry "USA"]
[EventCategory "5"]
[SourceTitle "CBM 063 Extra"]
[Source "ChessBase"]
[SourceDate "1998.04.29"]
[SourceVersion "1"]
[SourceVersionDate "1998.04.29"]
[SourceQuality "1"]

1. c4 Nf6 2. Nc3 g6 3. e4 d6 4. d4 Bg7 5. Nf3 0-0 6. Be2 e5 7. d5 a5 8. Bg5 h6 9. Bh4 Na6 10. Nd2 Qe8 11. a3 Bd7 12. b3 Nh7 13. 0-0 f5 14. exf5 Bxf5 15. g4 e4 16. Rc1 e3 17. fxe3 Qxe3+ 18. Bf2 Qg5 19. h4 Qf4 20. gxf5 Be5 21. Nf3 Qg4+ 22. Kh1 Qh3+ 23. Kg1 Qg4+ 1/2-1/2

[Event "San Francisco Linklater"]
[Site "San Francisco"]
[Date "1998.??.??"]
[Round "3"]
[White "Mar, Craig"]
[Black "Grefe, John Alan"]
[Result "1/2-1/2"]
[WhiteElo "2420"]
[BlackElo "2425"]
[PlyCount "46"]
[EventDate "1998.02.03"]
[EventType "tourn"]
[EventRounds "9"]
[EventCountry "USA"]
[EventCategory "5"]
[SourceTitle "CBM 063 Extra"]
[Source "ChessBase"]
[SourceDate "1998.04.29"]
[SourceVersion "1"]
[SourceVersionDate "1998.04.29"]
[SourceQuality "1"]

1. d4 Nf6 2. c4 g6 3. Nc3 Bg7 4. e4 d6 5. Nf3 0-0 6. Be3 c6 7. Be2 a6 8. a4 a5 9. 0-0 Na6 10. h3 Nd7 11. Bg5 Re8 12. Qd2 f6 13. Be3 e5 14. Rad1 Qe7 15. Rfe1 Nb4 16. Bf1 Bf8 17. b3 Qg7 18. Nh2 exd4 19. Bxd4 Nc5 20. Rb1 Ne6 21. Be3 Ng5 22. Bf4 Nf7 23. Be3 Ng5 1/2-1/2

[Event "California-ch"]
[Site "California"]
[Date "1997.??.??"]
[Round "?"]
[White "Grefe, John Alan"]
[Black "Cusi, Ronald"]
[Result "1/2-1/2"]
[WhiteElo "2425"]
[BlackElo "2380"]
[PlyCount "39"]
[EventDate "1997.??.??"]
[EventType "tourn"]
[EventRounds "7"]
[EventCountry "USA"]
[SourceTitle "EXT 1999"]
[Source "ChessBase"]
[SourceDate "1998.11.16"]
[SourceVersion "1"]
[SourceVersionDate "1998.11.16"]
[SourceQuality "1"]

1. e4 c5 2. Nc3 Nc6 3. f4 g6 4. Nf3 Bg7 5. d3 d6 6. g3 e6 7. Bg2 Nge7 8. 0-0 0-0 9. Be3 Nd4 10. Qd2 Rb8 11. Nd1 b6 12. Nh4 f5 13. Nf2 Ba6 14. Rfe1 d5 15. Bxd4 Bxd4 16. exf5 Nxf5 17. Nxf5 exf5 18. c3 Bf6 19. Nh3 h6 20. Kh1 1/2-1/2

[Event "California-ch"]
[Site "California"]
[Date "1997.??.??"]
[Round "?"]
[White "Grefe, John Alan"]
[Black "Izumikawa, Burt"]
[Result "0-1"]
[WhiteElo "2425"]
[BlackElo "2395"]
[PlyCount "70"]
[EventDate "1997.??.??"]
[EventType "tourn"]
[EventRounds "7"]
[EventCountry "USA"]
[SourceTitle "EXT 1999"]
[Source "ChessBase"]
[SourceDate "1998.11.16"]
[SourceVersion "1"]
[SourceVersionDate "1998.11.16"]
[SourceQuality "1"]

1. Nf3 Nf6 2. b3 e6 3. Bb2 Be7 4. e3 b6 5. d4 Bb7 6. Bd3 0-0 7. 0-0 c5 8. c4 cxd4 9. exd4 d5 10. Nc3 Nbd7 11. Qe2 Re8 12. Rad1 Rc8 13. h3 Qc7 14. Qe3 Qb8 15. Ne5 Nf8 16. g4 dxc4 17. bxc4 N6d7 18. f4 Nxe5 19. fxe5 Ng6 20. Ne4 Qc7 21. Rd2 Ba6 22. Rc2 Qd7 23. Qf2 Rf8 24. g5 Nxe5 25. Qg3 Nxd3 26. Nf6+ Bxf6 27. gxf6 g6 28. Qxd3 Rc5 29. Qe3 Rh5 30. Rf4 Rc8 31. d5 exd5 32. Kh2 Re8 33. Qg3 dxc4 34. Rd4 Qc6 35. Rcd2 Bb7 0-1

[Event "California-ch"]
[Site "California"]
[Date "1997.??.??"]
[Round "?"]
[White "Grefe, John Alan"]
[Black "Lobo, Richard"]
[Result "1-0"]
[WhiteElo "2425"]
[BlackElo "2335"]
[PlyCount "95"]
[EventDate "1997.??.??"]
[EventType "tourn"]
[EventRounds "7"]
[EventCountry "USA"]
[SourceTitle "EXT 1999"]
[Source "ChessBase"]
[SourceDate "1998.11.16"]
[SourceVersion "1"]
[SourceVersionDate "1998.11.16"]
[SourceQuality "1"]

1. d4 Nf6 2. Nf3 e6 3. c4 b6 4. e3 Bb7 5. Bd3 Be7 6. 0-0 0-0 7. Nc3 c5 8. d5 exd5 9. cxd5 d6 10. e4 Nbd7 11. Bf4 Nh5 12. Be3 a6 13. a4 Re8 14. Nd2 g6 15. f4 Bf8 16. Qf3 Qc7 17. Kh1 Bg7 18. Rae1 Nhf6 19. Bf2 Nf8 20. Nc4 N6d7 21. Bg3 Bxc3 22. bxc3 b5 23. Ne3 c4 24. Bc2 h5 25. Qd1 Nc5 26. e5 Rac8 27. axb5 axb5 28. exd6 Qxd6 29. f5 Qd7 30. fxg6 fxg6 31. Qd4 Qg7 32. Qf4 Nd3 33. Bxd3 cxd3 34. c4 bxc4 35. Bh4 c3 36. Bf6 Qd7 37. Bd4 c2 38. Qf6 Qh7 39. Bc3 c1Q 40. Rxc1 Rxe3 41. Rb1 Re7 42. Qd4 Rd8 43. d6 Re4 44. Qf6 Ree8 45. Rxb7 Nd7 46. Qd4 Rf8 47. Qd5+ Rf7 48. Rxd7 1-0

[Event "California-ch"]
[Site "California"]
[Date "1997.??.??"]
[Round "?"]
[White "Wolski, Thomas"]
[Black "Grefe, John Alan"]
[Result "1-0"]
[WhiteElo "2320"]
[BlackElo "2425"]
[PlyCount "59"]
[EventDate "1997.??.??"]
[EventType "tourn"]
[EventRounds "7"]
[EventCountry "USA"]
[SourceTitle "EXT 1999"]
[Source "ChessBase"]
[SourceDate "1998.11.16"]
[SourceVersion "1"]
[SourceVersionDate "1998.11.16"]
[SourceQuality "1"]

1. Nf3 Nf6 2. c4 g6 3. d4 Bg7 4. Nc3 0-0 5. e4 d6 6. Be2 e5 7. d5 a5 8. Bg5 h6 9. Be3 Ng4 10. Bc1 f5 11. exf5 gxf5 12. g3 Na6 13. Nh4 Nc5 14. 0-0 Nf6 15. f4 exf4 16. Bxf4 Nfe4 17. Nb5 Bxb2 18. Bxh6 Rf6 19. Rb1 Be5 20. Be3 c6 21. dxc6 bxc6 22. Bxc5 Nxc5 23. Nd4 d5 24. Ndxf5 Be6 25. Qc1 Ne4 26. Rb7 Bc7 27. Bd3 Bxf5 28. Nxf5 Rg6 29. Nh6+ Kh7 30. Rf7+ 1-0

[Event "Labor Day Festival op"]
[Site "California"]
[Date "1993.??.??"]
[Round "?"]
[White "Browne, Walter Shawn"]
[Black "Grefe, John Alan"]
[Result "1-0"]
[WhiteElo "2525"]
[BlackElo "2390"]
[PlyCount "57"]
[EventDate "1993.??.??"]
[EventType "swiss"]
[EventRounds "6"]
[EventCountry "USA"]
[SourceTitle "EXT 2001"]
[Source "ChessBase"]
[SourceDate "2000.11.22"]
[SourceVersion "1"]
[SourceVersionDate "2000.11.22"]
[SourceQuality "1"]

1. d4 Nf6 2. c4 g6 3. Nc3 Bg7 4. e4 d6 5. Nf3 0-0 6. Be2 e5 7. 0-0 Nc6 8. d5 Ne7 9. Nd2 c6 10. b4 a5 11. bxa5 Qxa5 12. Qc2 Nh5 13. Nb3 Qc7 14. dxc6 bxc6 15. Bxh5 gxh5 16. f4 exf4 17. Bxf4 Ng6 18. Bg5 Ba6 19. Bf6 Bxc4 20. Bxg7 Kxg7 21. Ne2 Qb6+ 22. Kh1 Bxe2 23. Qxe2 Ra4 24. Qxh5 Rxe4 25. Qf5 Re6 26. Rad1 c5 27. Nd2 Qc6 28. Nc4 Nh4 29. Qh3 1-0

[Event "San Francisco"]
[Site "San Francisco"]
[Date "1991.??.??"]
[Round "5"]
[White "Christiansen, Larry Mark"]
[Black "Grefe, John Alan"]
[Result "1-0"]
[WhiteElo "2590"]
[BlackElo "2385"]
[PlyCount "87"]
[EventDate "1991.03.??"]
[EventType "tourn"]
[EventRounds "11"]
[EventCountry "USA"]
[EventCategory "12"]
[SourceTitle "CBM 023"]
[Source "ChessBase"]
[SourceDate "1991.08.01"]
[SourceVersion "1"]
[SourceVersionDate "1991.08.01"]
[SourceQuality "1"]

1. d4 Nf6 2. c4 g6 3. Nc3 Bg7 4. e4 d6 5. f3 0-0 6. Be3 e5 7. d5 Nh5 8. Qd2 Qh4+ 9. Bf2 Qf4 10. g4 Qxd2+ 11. Kxd2 Nf4 12. Nge2 c6 13. Be3 f5 14. gxf5 gxf5 15. Rg1 Nxe2 16. Bxe2 f4 17. Bf2 Na6 18. Rad1 Bh3 19. Bf1 Bxf1 20. Rgxf1 Bf6 21. a3 Kf7 22. b4 Rg8 23. Rg1 c5 24. Nb5 Ke7 25. Rxg8 Rxg8 26. Rg1 Rxg1 27. Bxg1 cxb4 28. axb4 Nxb4 29. Bxa7 Kd7 30. Bb8 Be7 31. c5 dxc5 32. Bxe5 Bg5 33. Bd6 Na6 34. Kd3 Nb4+ 35. Kc3 b6 36. Bc7 Bf6+ 37. Kd2 c4 38. Bxf4 Nd3 39. Be3 Be5 40. Na3 Nb2 41. f4 Bd6 42. Nb5 Bb4+ 43. Ke2 c3 44. Bd4 1-0

[Event "San Francisco"]
[Site "San Francisco"]
[Date "1991.??.??"]
[Round "11"]
[White "Grefe, John Alan"]
[Black "Browne, Walter Shawn"]
[Result "1/2-1/2"]
[WhiteElo "2385"]
[BlackElo "2500"]
[PlyCount "68"]
[EventDate "1991.03.??"]
[EventType "tourn"]
[EventRounds "11"]
[EventCountry "USA"]
[EventCategory "12"]
[SourceTitle "CBM 023"]
[Source "ChessBase"]
[SourceDate "1991.08.01"]
[SourceVersion "1"]
[SourceVersionDate "1991.08.01"]
[SourceQuality "1"]

1. f4 d5 2. Nf3 g6 3. g3 c5 4. Bg2 Bg7 5. 0-0 Nc6 6. d3 Nf6 7. Nc3 d4 8. Na4 Qd6 9. e4 dxe3 10. Bxe3 Nd4 11. Ne5 Nd7 12. Nxd7 Bxd7 13. c3 0-0 14. cxd4 cxd4 15. Bd2 b5 16. Nc5 Qxc5 17. Rc1 Qd6 18. Bxa8 Rxa8 19. Qf3 Re8 20. a3 Bf5 21. Bb4 Qd7 22. Ba5 e5 23. Rc7 Qe6 24. fxe5 Bxe5 25. Re1 Qb3 26. Rc5 f6 27. Qc6 Rc8 28. Rxb5 Qxd3 29. Qd5+ Kh8 30. Rc5 Rxc5 31. Qxc5 Kg7 32. Qe7+ Kh6 33. Rxe5 fxe5 34. Qh4+ Kg7 1/2-1/2

[Event "San Francisco"]
[Site "San Francisco"]
[Date "1991.??.??"]
[Round "7"]
[White "Torre, Eugenio"]
[Black "Grefe, John Alan"]
[Result "1-0"]
[WhiteElo "2530"]
[BlackElo "2385"]
[PlyCount "53"]
[EventDate "1991.03.??"]
[EventType "tourn"]
[EventRounds "11"]
[EventCountry "USA"]
[EventCategory "12"]
[SourceTitle "CBM 023"]
[Source "ChessBase"]
[SourceDate "1991.08.01"]
[SourceVersion "1"]
[SourceVersionDate "1991.08.01"]
[SourceQuality "1"]

1. d4 e6 2. e4 d5 3. e5 c5 4. c3 Nc6 5. Nf3 Qb6 6. a3 c4 7. Nbd2 Bd7 8. g3 f6 9. exf6 Nxf6 10. Qe2 0-0-0 11. Bg2 Kb8 12. 0-0 Bc8 13. b3 cxb3 14. Rb1 b2 15. Bxb2 Bd6 16. c4 Qa6 17. Rfc1 Rhe8 18. Ne5 Bxe5 19. dxe5 Nd7 20. Qe3 Nb6 21. cxd5 exd5 22. Bd4 Nc4 23. Nxc4 dxc4 24. Ba1 Rd3 25. Qc5 Na5 26. e6 Bxe6 27. Be5+ 1-0

[Event "American op"]
[Site "Los Angeles"]
[Date "1989.??.??"]
[Round "3"]
[White "Grefe, John Alan"]
[Black "Frias Pablaza, Victor J"]
[Result "0-1"]
[WhiteElo "2390"]
[BlackElo "2510"]
[PlyCount "70"]
[EventDate "1989.11.23"]
[EventType "swiss"]
[EventRounds "8"]
[EventCountry "USA"]
[SourceTitle "EXT 1997"]
[Source "ChessBase"]
[SourceDate "1996.11.15"]
[SourceVersion "1"]
[SourceVersionDate "1996.11.15"]
[SourceQuality "1"]

1. e4 c5 2. Nf3 d6 3. c3 Nf6 4. Bd3 g6 5. Bc2 Bg7 6. d4 cxd4 7. cxd4 0-0 8. Nc3 Bg4 9. d5 Nbd7 10. h3 Bxf3 11. Qxf3 Rc8 12. Qe2 Rxc3 13. bxc3 Nxe4 14. Bb2 Nxc3 15. Qd2 Qa5 16. Bb3 Nc5 17. 0-0 Qb4 18. Qc2 Rc8 19. Bxc3 Qxc3 20. Qxc3 Bxc3 21. Rac1 Bf6 22. Rfe1 b5 23. Bd1 a5 24. g3 b4 25. Re3 Rb8 26. Kf1 a4 27. Rb1 b3 28. axb3 a3 29. Re2 Na4 30. Ra2 Nc3 31. Rba1 Nxa2 32. Rxa2 Bb2 33. Ke2 Rb5 34. Bc2 Rxd5 35. Bd3 Rd4 0-1